000 00532nam a2200193 i 4500
001 bgj
100 1 _aBAROTHT, Hans Dieter
_d(1937- )
245 1 0 _aAber es waren schöne Zeiten :
_bRoman /
_cHans Dieter Baroth.
260 _aKöln :
_bKiepenhauer und Witsch,
_cc. 1978.
300 _a299 S. ;
_c20 cm.
650 9 _aDeutsche Literatur
_xSchöne Literatur
655 _aRoman
020 _a3462012827
040 _cBPK
041 0 _ager
920 _a3-462-01282-7
942 _cKS
008 s gw f |000 0 ger
999 _c50611
_d50611
856 _uhttp://koha.tu.koszalin.pl/cgi-bin/koha/opac-detail.pl?biblionumber=50611
_yKatalog online BPK